| 000 | 00456nam a2200169Ia 4500 | ||
|---|---|---|---|
| 005 | 20250424120222.0 | ||
| 008 | 250424s9999 xx 000 0 und d | ||
| 022 | _a1990576 | ||
| 050 | _aK 12. A36/ | ||
| 245 | 0 | _aAhmadu bello university law journal (ABULJ) | |
| 260 | _aZaria, Kaduna State. | ||
| 260 | _bFaculty of LAw, A.B.U., Zaria | ||
| 260 | _c2005-2006 | ||
| 300 | _a186 p. : ill. 25 cm. | ||
| 650 | _aLaw--Nigeria--Periodicals. | ||
| 942 | _cSR | ||
| 999 |
_c38061 _d38061 |
||